Five go off to camp

Bibliographic Details
Main Author: Blyton, Enid
Format: Book
Published: London : Hodder Childre's Books , 1995
Subjects:

MARC

LEADER 00000cam a2200000 7i4500
001 0000008158
002 000008898
005 20000330.0
020 |a 0340653094 
090 0 0 |a JF   |b BLY 
100 1 |a Blyton, Enid 
245 1 0 |a Five go off to camp   |c Enid Blyton 
260 |a London :   |b Hodder Childre's Books ,   |c 1995 
300 |a 158p. ;   |c 18cm. 
650 0 0 |a Adventure stories 
999 |a 023302   |b BUKU   |c PINJAMAN   |e PERPUSTAKAAN KOMUNITI PETALING JAYA 
999 |a 023303   |b BUKU   |c PINJAMAN   |e PERPUSTAKAAN KOMUNITI PETALING JAYA 
999 |a 041225   |b BUKU   |c PINJAMAN   |e PERPUSTAKAAN KOMUNITI PETALING JAYA